Detalles MARC
| 000 -LIDER |
| fixed length control field |
01009nam a22003137b 4500 |
| 001 - NÚMERO DE CONTROL |
| Identificador de número de control |
27856 |
| 003 - IDENTIFICACDOR DE NÚMERO DE CONTROL |
| control field |
DO-SdBPM |
| 005 - DATE AND TIME OF LATEST TRANSACTION |
| control field |
20250613133202.0 |
| 007 - CAMPOS FIJOS DE DESCRIPCIÓN FÍSICA |
| fixed length control field |
27856 |
| 008 - ELEMENTOS DE LONGITUD FIJA |
| fixed length control field |
991018s1999 sp | ||| ||spa |
| 017 ## - NÚMERO DE REGISTRO DE DERECHOS DE AUTOR |
| Copyright or legal deposit number |
|
| Assigning agency |
|
| 020 ## - ISBN |
| International Standard Book Number |
8489854777 |
| 040 ## - FUENTE DE CATALOGACIÓN |
| Agencia que crea de manera original el registro |
DO-SdBPM |
| Idioma de catalogación |
spa |
| Agencia que realiza la transcripción |
BPMSU |
| 041 1# - CÓDIGOS DE OBRAS TRADUCIDAS O EN VARIOS IDIOMAS |
| Código del idioma del texto/archivo de sonido o separata |
spa |
| 082 #4 - NÚMERO DE CLASIFICACIÓN DECIMAL DE DEWEY |
| Classification number |
823.8 |
| Item number |
B661m 1999 |
| Edition number |
22 |
| 100 1# - ASIENTO PRINCIPAL -- NOMBRE PERSONAL |
| Nombre personal |
Blyton, Enid |
| Fechas asociadas con el nombre |
1897-1968 |
| 240 10 - TITULO UNIFORME |
| Título uniforme |
Best stories for seven-year-olds |
| Idioma de una obra |
Español |
| 245 14 - MENCIÓN DE TITULO |
| Título |
Los mejores cuentos para 7 años / |
| Mención de responsabilidad |
Enid Blyton ; ilustraciones de Diana Catchpole ; traducción de Victoria Simó |
| 246 13 - VARIACION DEL TÍTULO |
| Título propiamente dicho o título corto |
Los mejores cuentos para siete años |
| 260 ## - PUBLICACIÓN, DISTRIBUCIÓN, ETC. (PIE DE IMPRENTA) |
| Lugar de publicación, distribución, etc |
Barcelona : |
| Nombre del editor, distribuidor, etc. |
Ediciones del Bronce |
| Fecha de publicación, distribución, etc |
1999 |
| 300 ## - DESCRIPCIÓN FÍSICA |
| Extensión |
126 p. ; |
| Dimensiones |
20 cm |
| 490 0# - MENCIÓN DE SERIES |
| Mención de serie |
Ediciones del bronce, |
| Volume/sequential designation |
7 |
| 590 ## - NOTA LOCAL |
| Texto de la nota local |
Inventariado, 2025/VM |
| 650 #4 - ENCABEZAMIENTO DE MATERIA--TEMÁTICO |
| Término temático o nombre geográfico como elemento de entrada |
Cuentos infantiles ingleses |
| 700 1# - ASIENTO SECUNDARIO -- NOMBRE PERSONAL |
| Nombre personal |
Catchpole, Diana |
| Mención de responsabilidad |
ilustraciones |
| 700 1# - ASIENTO SECUNDARIO -- NOMBRE PERSONAL |
| Nombre personal |
Simó, Victoria |
| Mención de responsabilidad |
traductora |
| Término de relación |
|
| 910 ## - VALIDACIÓN |
| Validación |
VMateo V. Control de calidad. BPMSU |
| 942 ## - ADDED ENTRY ELEMENTS (KOHA) |
| Source of classification or shelving scheme |
Dewey Decimal Classification |
| Koha item type |
Libros |